000 01096nam a22002777a 4500
001 BD-DhSAU 8872
003 BD-DhSAU
005 20181220112414.0
008 150420b2011 bg ||||| m||| 00| 0 eng d
040 _aBD-DhSAU
082 _222
_a635
_bR1291
100 _eRegistration # 09-03750
_aRahaman, Sheikh Mohammad Shakilur
245 _aEffect of organic manures on growth yield and shelf life of brocoli cultivars /
_bMS thesis
_cSheikh Mohammad Shakilur Rahaman
260 _aSher-e-Bangla Agricultural University :
_bDepartment of Horticulture,
_c2011.
300 _ax, 71 p. :
_c30 cm.
_bill. ;
500 _aMS thesis of Department of Horticulture, Faculty of Agriculture, Sher-e-Bangla Agricultural University, Dhaka
504 _aIncludes bibliographical reference.
590 _aJerin
650 _aHorticulture
650 _abrocoli
650 _aorganic manures
700 _aHossain, Md. Ismail
_eSuperviser
700 _aAmin, Md. Ruhul
_eCo-superviser
856 _uhttp://archive.saulibrary.edu.bd:8080/xmlui/handle/123456789/510
942 _2ddc
_cTHESIS
999 _c8872
_d8872